| 000 | 00466 a2200157 4500 | ||
|---|---|---|---|
| 005 | 20251217130358.0 | ||
| 008 | 250922b |||||||| |||| 00| 0 eng d | ||
| 020 | _a9789384665418 | ||
| 080 |
_a89M-992 _bNAJ/M |
||
| 100 | _aNajib Kadambot | ||
| 245 | _aMarhaba bikkum fi Dubai(മർഹബാ ബിക്കും ഫി ദുബൈ) | ||
| 260 |
_bMegha books _aChalakudy. _c2022. |
||
| 300 | _a136p. | ||
| 653 | _aTravelogue-Malayalam Literature | ||
| 942 | _cOO | ||
| 999 |
_c114648 _d114647 |
||